00369nam a2200145Ia 4500008004100000020001800041082001600059100002200075245003000097250000600127260003300133300001700166500002400183650001600207230524s9999 xx 000 0 und d a9788126522187 a621.39bSTE aJonathan Y. Stein 0aDigital Signal Processing a1 aNew DelhibWilly Indiac2009 a"XIII,849p;" aQuantity Number: 1 aElectronics